| 000 | 00942 a2200217 4500 | ||
|---|---|---|---|
| 001 | 42516 | ||
| 005 | 20260407155714.0 | ||
| 008 | 260407a1974 arg spa d | ||
| 003 | AR-UNSa-BCEJYS | ||
| 040 |
_aAR-UNSa-BCEJYS _bspa _cAR-UNSa-BCEJYS |
||
| 080 |
_a336.1 _xFinanzas Públicas. Finanzas del gobierno en general |
||
| 245 | 1 | 0 | _aTrabajos de investigación presentados en las VII jornadas de finanzas públicas |
| 264 | 1 |
_aCórdoba : _bUniversidad Nacional de Córdoba _c1974 |
|
| 300 |
_a2 v. _c22 cm. |
||
| 505 | _aVol. 1: Tema I: Efectos económicos de la reforma tributaria - Tema II: Seguridad social - Vol. 2: Tema III: Evaluación de proyectos del sector público - | ||
| 041 | _aspa | ||
| 942 | _cBK | ||
| 590 | _aniveau_biblio:m niveau_hierar:0 | ||
| 100 | 1 | _aUniversidad Nacional de Córdoba. Facultad de Ciencias Económicas | |
| 700 | 1 | _aJornadas de Finanzas Públicas (7º : 1974 ago. 21-24 : Córdoba, Argentina) | |
| 999 |
_c3625 _d3625 |
||